| 000 | 004900000a22001810004500 | ||
|---|---|---|---|
| 020 | _a0-311-11048-7 | ||
| 041 | 0 | _aSPA | |
| 082 | 0 | 4 | _aG 268 A7351b |
| 100 | 1 | _aArmstrong, Hayward | |
| 245 | 1 | 0 | _aBases para la educación cristiana / Hayward Armstrong |
| 260 | _aEl Paso, TX., USA : Casa Bautista de Publicaciones | ||
| 300 | _a190 Pag | ||
| 001 | 7740 | ||
| 942 | _cBK | ||
| 999 |
_c37945 _d37945 |
||
| 336 |
_atexto _btxt _2rdacontent |
||
| 337 |
_2rdamedia _asin mediación _bn |
||
| 338 |
_2rdacarrier _avolumen _bnc |
||